000 00508nam a2200193 a 4500
001 1766566527019
003 YourLibrary
005 20251226115018.0
008 251224s1985##################000#0#eng##
020 _a9780140432510
082 0 4 _a248.2092
_bKEM
100 1 _aKempe, Margery,
_eauthor.
245 1 0 _aThe Book of Margery Kempe :
260 _bPenguin UK,
_c1985.
300 _a450 pages
650 0 _aBiography & Autobiography.
942 _cENGLISH
040 _aYourLibrary
_beng
_cYourLibrary
999 _c604614
_d604614